|
|
|
|
| LEADER |
03124nam a2200517 i 4500 |
| 001 |
mzk03001265192 |
| 003 |
CZ BrMZK |
| 005 |
20191004102300.0 |
| 007 |
ta |
| 008 |
190930s1705 fr fr|||||00| ||latod |
| 040 |
|
|
|a BOA001
|b cze
|e rda
|
| 072 |
|
7 |
|a 27
|x Křesťanství. Křesťanská církev všeobecně. Eklesiologie
|2 Konspekt
|9 5
|
| 072 |
|
7 |
|a 094
|x Staré tisky
|2 Konspekt
|9 12
|
| 080 |
|
|
|a 2-1
|2 MRF
|
| 080 |
|
|
|a (0.068)094
|2 MRF
|
| 100 |
0 |
|
|a Řehoř
|b I.,
|c papež,
|d asi 540-604
|7 ola2002153698
|4 aut
|
| 245 |
1 |
0 |
|a SANCTI GREGORII PAPAE I. COGNOMENTO MAGNI, OPERA OMNIA. :
|b Ad manuscriptos codices Romanos, Gallicanos, Anglicanos emendata, aucta, & illustrata notis /
|c Studio et labore MONACHORUM Ordinis Sancti Benedicti, e Congregatione Sancti Mauri. TOMUS SECUNDUS
|
| 246 |
3 |
|
|a OPERA OMNIA
|
| 264 |
|
1 |
|a PARISIIS :
|b Sumptibus Claudiii Rigaud, viâ Citharæâ,
|c 1705
|
| 300 |
|
|
|a 4 nečíslované listy, 1443 sloupců, 33 nečíslovaných listů ;
|b 4° (41,5 cm)
|
| 336 |
|
|
|a text
|b txt
|2 rdacontent
|
| 337 |
|
|
|a bez média
|b n
|2 rdamedia
|
| 338 |
|
|
|a svazek
|b nc
|2 rdacarrier
|
| 500 |
|
|
|a Výzdoba: nad impresem mědirytinový papežský znak, mědirytinové vlysy a iniciály (Halle del, F. Ertinger sc.), viněty
|
| 500 |
|
|
|a Typografický popis: Text je tištěn ve dvou sloupcích (mimo úvodu), rejstříky ve třech sloupcích s marginálními poznámkami. Použité písmo: antikva, italika. Živá záhlaví, kustody, signatury archu, stránková paginace
|
| 500 |
|
|
|a Kolace: a4, A4 – Z4, A a4 – Z z4, A a a4 – Z z z4, A a a a4 – Z z z z4, A a a a a4 – Z z z z z4, a2 – q2 [= 1516 stran]
|
| 500 |
|
|
|a Kolace částí: 1. úvod: £ ii - £ iii ([3]-[6]); 2. obsah: [£ iv] ([7]-[8]); 3. text: A – Z Z z z ii ([1]-1442); 4. rejstříky: Z Z z z iii – Q Q Q q q r ([1443]–[1507]); 5. opravy: Q Q Q q q v ([1508])
|
| 500 |
|
|
|a Katalogové číslo: 1004
|
| 561 |
|
|
|a Provenience: [razítko] Pfarrbibliothek Mähr.-Trübau
|
| 561 |
|
|
|a Provenience: [starší signatura] A. N. III [hřbetní štítek]
|
| 563 |
|
|
|a Lepenkové desky, potažené hnědou kůží, přední i zadní deska rámována jednoduchou slepotiskovou linkou, hřbet šit na 6 vazů, které zdůrazněny opět jednoduchými slepotiskovými linkami, ořízka stříkaná. Mědirytinový názvový štítek na hřbetu s proveniencí IOAN[NES]. ANT[ONIUS]. STER Dec[anus]. Trib[oviensis]
|
| 650 |
|
7 |
|a teologie
|7 ph116425
|2 czenas
|
| 655 |
|
7 |
|a staré tisky
|7 fd422076
|2 czenas
|
| 700 |
1 |
|
|a Hallé, Claude-Guy,
|d 1652-1736
|7 mzk2012713417
|4 del
|
| 700 |
1 |
|
|a Ertinger, Franz,
|d 1640-asi 1710
|7 ola2011640309
|4 egr
|
| 903 |
|
|
|a RP
|
| 910 |
|
|
|a SVE952
|b FMT-F.XXXIV.20
|
| 978 |
|
|
|b Rigaud, Claude III
|a Paris
|c 1705
|
| 981 |
1 |
|
|a Ster, Johannes Antonius,
|c děkan v Moravské Třebové
|
| 982 |
0 |
|
|a Moravská Třebová - farní knihovna
|
| 984 |
|
|
|a Paříž
|b Francie
|
| 985 |
|
|
|a 1701-1750
|
| 990 |
|
|
|a BK
|
| 991 |
|
|
|k fara-trebova
|
| 980 |
|
|
|g FMT-F.XXXIV.20
|1 4601800742
|
| 996 |
6 |
|
|b 4601800742
|c FMT-F.XXXIV.20
|l stud. ST
|r Sklad / do násl. otevíracího dne
|n 0
|w 001911110
|u 000010
|a 1
|e BOA001
|s P
|